000 00895nam a2200217 a 4500
001 000024328
005 20200930022920.0
008 110126s2010 dr a r 000 0 spa d
040 _aDO-SdBNP
_bspa
_cBNPHU
082 _a363.1063
_bR426e, 2010
100 1 _aRepública Dominicana.
_bAyuntamiento del Distrito Nacional
_96506
245 1 0 _aEncuesta del gobierno de la seguridad /
_cprólogo Roberto Salcedo.
260 _aSanto Domingo :
_bADN,
_c2010.
300 _a72 p. :
_bil., gráfcs. ;
_c23 cm.
590 _aInventariado, 2018/BT
650 4 _aSeguridad ciudadana
_zSanto Domingo (República Dominicana{Rpara}
_xEncuestas
_96507
650 4 _aAdministración municipal
_zSanto Domingo (República Dominicana{Rpara}
_xMedidas de seguridad
_96508
700 1 _aSalcedo Gavilán, Roberto,
_epról.
_96509
710 2 _aObservatorio ciudadano
_96510
910 _aValidado. Control de calidad. EMS
999 _c23821
_d23821